[Event "NAYCC U10"]
[Site "Windsor CAN"]
[Date "2016.08.11"]
[Round "8.138"]
[White "Bui, Alan"]
[Black "Kamath, Atul"]
[Result "1-0"]
[WhiteElo "1404"]
[BlackElo "1637"]
[PlyCount "63"]
[EventDate "2016.08.07"]
[EventType "swiss"]
[EventRounds "9"]
[EventCountry "CAN"]

1. d4 Nf6 2. Nf3 d5 3. Bf4 e6 4. e3 c5 5. c3 Nc6 6. Bd3 Be7 7. Nbd2 O-O 8. O-O
c4 9. Bc2 b5 10. a3 a5 11. e4 a4 12. Ne5 Nxe5 13. Bxe5 Nd7 14. exd5 Nxe5 15.
dxe5 exd5 16. f4 d4 17. Be4 Rb8 18. f5 Bc5 19. Kh1 Qe7 20. Nf3 dxc3 21. bxc3
Bxa3 22. Qe1 Bb2 23. Ra2 a3 24. f6 gxf6 25. Qg3+ Kh8 26. Qh4 f5 27. Qxe7 Be6
28. Qf6+ Kg8 29. Bxf5 Bxf5 30. Qxf5 h6 31. Qg4+ Kh7 32. Qh5 1-0

[Event "NAYCC U10"]
[Site "Windsor CAN"]
[Date "2016.08.11"]
[Round "8.139"]
[White "Zhao, Jeffrey R"]
[Black "Xie, Austin"]
[Result "0-1"]
[WhiteElo "1496"]
[BlackElo "1232"]
[PlyCount "98"]
[EventDate "2016.08.07"]
[EventType "swiss"]
[EventRounds "9"]
[EventCountry "CAN"]

1. e4 c6 2. d4 d5 3. e5 c5 4. c3 e6 5. Nf3 Nc6 6. Bd3 cxd4 7. cxd4 Bb4+ 8. Nc3
Bd7 9. a3 Ba5 10. Bc2 Nge7 11. Be3 Bxc3+ 12. bxc3 Na5 13. Rb1 Rc8 14. Bd2 b6
15. Bd3 Nc4 16. Qb3 Bc6 17. Bg5 Qd7 18. Nd2 Ba4 19. Qa2 Bb5 20. Bh4 Nxa3 21.
Bxe7 Bxd3 22. Qxa3 Qxe7 23. Qb2 O-O 24. Nf3 f6 25. Qd2 Be4 26. Qe3 Qc7 27. Rb3
Bxf3 28. gxf3 fxe5 29. dxe5 Rf5 30. f4 Qc4 31. Rb4 Qxc3+ 32. Qxc3 Rxc3 33. Ra4
Rc1+ 34. Ke2 Rxh1 35. Rxa7 Rxf4 36. Re7 Re4+ 37. Kd3 Rxe5 38. Rb7 Rxh2 39. Rxb6
Rxf2 40. Rb8+ Rf8 41. Rb7 g5 42. Rb1 g4 43. Rg1 Re4 44. Kd2 Rf2+ 45. Kd3 Rf3+
46. Kd2 g3 47. Kd1 Ref4 48. Ke2 Rf2+ 49. Ke1 g2 0-1

[Event "NAYCC U10"]
[Site "Windsor CAN"]
[Date "2016.08.11"]
[Round "8.140"]
[White "Vijayakumar, Advaith"]
[Black "Zhu, Max"]
[Result "1/2-1/2"]
[WhiteElo "1402"]
[BlackElo "1436"]
[PlyCount "55"]
[EventDate "2016.08.07"]
[EventType "swiss"]
[EventRounds "9"]
[EventCountry "CAN"]

1. d4 Nf6 2. c4 e6 3. Nf3 Ne4 4. a3 d5 5. e3 Be7 6. Nbd2 Nf6 7. Bd3 Nbd7 8. O-O
c5 9. b3 cxd4 10. exd4 O-O 11. Bb2 b6 12. Qc2 Bb7 13. Rfe1 Rc8 14. Rac1 h6 15.
Qd1 Nh5 16. g3 g5 17. h3 dxc4 18. bxc4 Qc7 19. Kh2 Ndf6 20. Be2 Bd6 21. Ne5 Ng7
22. Bf1 Nfh5 23. Be2 f6 24. Bxh5 fxe5 25. Bf3 Rxf3 26. Nxf3 exd4 27. Nxd4 Rf8
28. Qc2 1/2-1/2

[Event "NAYCC U10"]
[Site "Windsor CAN"]
[Date "2016.08.11"]
[Round "8.141"]
[White "Prestia, Frank"]
[Black "Balachandran, Kousihan"]
[Result "1-0"]
[WhiteElo "1640"]
[BlackElo "1400"]
[PlyCount "57"]
[EventDate "2016.08.07"]
[EventType "swiss"]
[EventRounds "9"]
[EventCountry "CAN"]

1. d4 Nf6 2. c4 g6 3. Nc3 d5 4. cxd5 Nxd5 5. e4 Nxc3 6. bxc3 Bg7 7. Be3 O-O 8.
Bc4 c5 9. Ne2 Nc6 10. O-O Qc7 11. Qc1 Rd8 12. f3 a6 13. a4 Na5 14. Ba2 Nc6 15.
d5 Ne5 16. a5 Qxa5 17. d6 e6 18. Bxe6 Qb6 19. Bd5 Qxd6 20. Rd1 Qc7 21. Qa3 Nd7
22. Rab1 Nb6 23. Bf4 Be5 24. Bxe5 Qxe5 25. Bxf7+ Kxf7 26. Rxd8 Nc4 27. Qb3 b5
28. Rd5 Qf4 29. Nxf4 1-0

[Event "NAYCC U10"]
[Site "Windsor CAN"]
[Date "2016.08.11"]
[Round "8.142"]
[White "Prestia, Paris"]
[Black "Shlionsky, Aryah"]
[Result "0-1"]
[WhiteElo "1591"]
[BlackElo "1893"]
[PlyCount "68"]
[EventDate "2016.08.07"]
[EventType "swiss"]
[EventRounds "9"]
[EventCountry "CAN"]

1. d4 Nf6 2. c4 c5 3. d5 b5 4. cxb5 a6 5. bxa6 Bxa6 6. Nc3 d6 7. Nf3 g6 8. e4
Bxf1 9. Kxf1 Nbd7 10. g3 Bg7 11. Kg2 O-O 12. Qc2 Qb6 13. Bd2 Rfb8 14. Rab1 Ne8
15. b3 Nc7 16. Ne1 Na6 17. Nd3 Ne5 18. Nxe5 Bxe5 19. Na4 Qb7 20. a3 Nc7 21. Bc3
Nb5 22. Bb2 Bxb2 23. Qxb2 Nd4 24. Qa2 f5 25. f3 fxe4 26. fxe4 e6 27. Nc3 e5 28.
Rb2 Qa6 29. a4 Qd3 30. Rc1 Qf3+ 31. Kh3 Rf8 32. Qb1 Rf4 33. Qd3 Rh4+ 34. Kxh4
Qh5# 0-1

[Event "NAYCC U10"]
[Site "Windsor CAN"]
[Date "2016.08.11"]
[Round "8.143"]
[White "Tsay, William"]
[Black "Liu, Kevin"]
[Result "0-1"]
[WhiteElo "1399"]
[BlackElo "914"]
[PlyCount "80"]
[EventDate "2016.08.07"]
[EventType "swiss"]
[EventRounds "9"]
[EventCountry "CAN"]

1. d4 d5 2. Bf4 e6 3. e3 Nf6 4. Nd2 Nbd7 5. Ngf3 Be7 6. h3 O-O 7. Be2 b6 8. O-O
Bb7 9. Rc1 c5 10. c3 c4 11. b3 b5 12. Rb1 Nb6 13. bxc4 bxc4 14. Re1 Bc6 15. Bf1
Ba3 16. Ra1 Na4 17. Qc2 Bb2 18. Rab1 Bxc3 19. Ne5 Be8 20. f3 Qa5 21. Red1 Nb2
22. Rxb2 Ba4 23. Nb3 cxb3 24. axb3 Bxb2 25. Qxb2 Bb5 26. Bxb5 Qxb5 27. Rc1 Rac8
28. Ra1 a5 29. Kh2 Nh5 30. Bg3 Nxg3 31. Kxg3 f6 32. Ng4 Rc7 33. Nf2 Qb8 34. f4
Rb7 35. Ra3 a4 36. Rxa4 Rxb3 37. Qe2 e5 38. Qf3 exf4+ 39. Qxf4 Rxe3+ 40. Kg4
h5+ 0-1

[Event "NAYCC U10"]
[Site "Windsor CAN"]
[Date "2016.08.11"]
[Round "8.144"]
[White "Zheng, Michael"]
[Black "Srinivas, Atharva"]
[Result "1-0"]
[WhiteElo "1811"]
[BlackElo "1388"]
[PlyCount "57"]
[EventDate "2016.08.07"]
[EventType "swiss"]
[EventRounds "9"]
[EventCountry "CAN"]

1. e4 e5 2. Nf3 Nc6 3. Bc4 Nf6 4. d3 Bc5 5. O-O O-O 6. c3 d6 7. Nbd2 Bg4 8. h3
Bh5 9. Re1 Re8 10. Nf1 d5 11. exd5 Nxd5 12. Ng3 Bg6 13. Bb5 Bd6 14. Ng5 a6 15.
Bxc6 bxc6 16. N5e4 Nf4 17. Nxd6 Qxd6 18. Bxf4 exf4 19. Ne4 Qd5 20. Qf3 f5 21.
Ng5 Rxe1+ 22. Rxe1 Qxa2 23. Qxc6 Rb8 24. Qxc7 Qxb2 25. Re7 Kh8 26. Rxg7 Qc1+
27. Kh2 Rb1 28. Rxh7+ Bxh7 29. Qxh7# 1-0

[Event "NAYCC U10"]
[Site "Windsor CAN"]
[Date "2016.08.11"]
[Round "8.145"]
[White "Rama, Tejas"]
[Black "Singireddy, Ruthvik"]
[Result "1/2-1/2"]
[WhiteElo "1712"]
[BlackElo "1398"]
[PlyCount "76"]
[EventDate "2016.08.07"]
[EventType "swiss"]
[EventRounds "9"]
[EventCountry "CAN"]

1. d4 Nf6 2. c4 g6 3. Nf3 Bg7 4. e3 O-O 5. Bd3 d5 6. Nc3 dxc4 7. Bxc4 Nbd7 8.
O-O Nb6 9. b3 c5 10. Ba3 cxd4 11. exd4 Re8 12. Ne5 Nxc4 13. bxc4 Nd7 14. f4 Nb6
15. Bc5 f6 16. Bxb6 Qxb6 17. Nd5 Qd6 18. Nf3 e6 19. Qe1 Bd7 20. Qb4 Qxb4 21.
Nxb4 a5 22. Nd3 Bc6 23. Rad1 Rad8 24. Nc5 b6 25. Nb3 Rd7 26. Kf2 Bxf3 27. Kxf3
Red8 28. a4 Rc7 29. Rc1 Rdc8 30. c5 bxc5 31. Rxc5 Bf8 32. Rxc7 Rxc7 33. Rc1 Rb7
34. Nc5 Rc7 35. Ke4 Bd6 36. g3 Kf7 37. Kd3 e5 38. fxe5 fxe5 1/2-1/2

[Event "NAYCC U10"]
[Site "Windsor CAN"]
[Date "2016.08.11"]
[Round "8.146"]
[White "Dinatolo, Zack"]
[Black "Kondakov, Adrian"]
[Result "1/2-1/2"]
[WhiteElo "1365"]
[BlackElo "1675"]
[PlyCount "101"]
[EventDate "2016.08.07"]
[EventType "swiss"]
[EventRounds "9"]
[EventCountry "CAN"]

1. e4 e6 2. d4 d5 3. e5 c5 4. c3 Nc6 5. Nf3 Qb6 6. Be2 cxd4 7. cxd4 Nh6 8. Na3
Bxa3 9. bxa3 Nf5 10. Be3 Qa5+ 11. Qd2 Qxa3 12. O-O O-O 13. Bd3 Nce7 14. Rab1
Rb8 15. Bb5 Ng6 16. Bg5 f6 17. exf6 gxf6 18. Bf4 Ra8 19. Bg3 Qe7 20. Rfc1 Nxg3
21. fxg3 Qd6 22. Rc5 Bd7 23. Bd3 b6 24. Rcc1 Kg7 25. Re1 Rae8 26. Nh4 e5 27.
Bb5 Nxh4 28. gxh4 e4 29. Re3 Bxb5 30. Rxb5 Kh8 31. Qf2 f5 32. Rg3 f4 33. Rg5
Rd8 34. Rbxd5 Qxd5 35. Rxd5 Rxd5 36. g3 f3 37. Kf1 Re8 38. Qe3 Kg7 39. Qf4 Re7
40. Qg4+ Kf6 41. Qf4+ Kg7 42. Qg4+ Kf7 43. Qf4+ Ke8 44. Qe3 Rb5 45. a4 Rb1+ 46.
Kf2 Rh1 47. d5 Rxh2+ 48. Kf1 Re2 49. Qf4 Ra2 50. Qb8+ Kf7 51. Qf4+ 1/2-1/2

[Event "NAYCC U10"]
[Site "Windsor CAN"]
[Date "2016.08.11"]
[Round "8.147"]
[White "Yuan, Edison"]
[Black "Fu, Steven"]
[Result "1-0"]
[WhiteElo "1666"]
[BlackElo "826"]
[PlyCount "153"]
[EventDate "2016.08.07"]
[EventType "swiss"]
[EventRounds "9"]
[EventCountry "CAN"]

1. e4 e5 2. Nf3 Nc6 3. d4 exd4 4. Nxd4 Be7 5. Nc3 Nf6 6. Be3 O-O 7. f3 Nxd4 8.
Bxd4 d6 9. Bc4 Be6 10. Bxe6 fxe6 11. O-O Kh8 12. Kh1 c5 13. Be3 a6 14. a4 Qc7
15. Qe2 Rad8 16. Rfd1 b6 17. Qxa6 d5 18. exd5 exd5 19. Bf2 d4 20. Bg3 Qc6 21.
Ne2 Ra8 22. Qb5 Qxb5 23. axb5 Rxa1 24. Rxa1 Re8 25. Nf4 Bd6 26. Nd3 Bxg3 27.
hxg3 h6 28. Re1 Rxe1+ 29. Nxe1 Kg8 30. Nd3 Kf7 31. Kh2 Ke6 32. b3 Nd5 33. Kh3
Nc3 34. Kg4 Nxb5 35. Nf4+ Kf7 36. Nd3 Na3 37. Ne1 Kf6 38. Kf4 g6 39. g4 g5+ 40.
Ke4 Ke6 41. g3 Nb5 42. f4 gxf4 43. gxf4 Nd6+ 44. Kd3 Kf6 45. Nf3 Kg6 46. Ne5+
Kg7 47. Nc4 Nc8 48. Ke4 Kg6 49. Kd5 h5 50. gxh5+ Kxh5 51. Kc6 Kg4 52. Nxb6 Nxb6
53. Kxb6 Kxf4 54. Kxc5 Ke5 55. b4 d3 56. cxd3 Ke6 57. Kc6 Ke7 58. Kc7 Ke6 59.
b5 Kd5 60. b6 Kd4 61. b7 Kxd3 62. b8=Q Kd4 63. Qb5 Ke4 64. Qc5 Kd3 65. Kd6 Ke4
66. Qd5+ Kf4 67. Qe5+ Kf3 68. Qd4 Kg3 69. Ke5 Kf3 70. Qe4+ Kf2 71. Qd3 Kg2 72.
Kf4 Kf2 73. Qe3+ Kg2 74. Qf3+ Kh2 75. Qg4 Kh1 76. Kf3 Kh2 77. Qg2# 1-0

[Event "NAYCC U10"]
[Site "Windsor CAN"]
[Date "2016.08.11"]
[Round "8.148"]
[White "Guo, Roger"]
[Black "Ripley, Noah"]
[Result "0-1"]
[WhiteElo "1183"]
[BlackElo "684"]
[PlyCount "97"]
[EventDate "2016.08.07"]
[EventType "swiss"]
[EventRounds "9"]
[EventCountry "CAN"]

1. d4 d5 2. Nf3 Nc6 3. e3 Bf5 4. Bd3 Be4 5. b3 Nf6 6. Bb2 e6 7. O-O Bd6 8. Nbd2
O-O 9. Qe2 Qe7 10. c4 Nb4 11. Bxe4 Nxe4 12. Nxe4 dxe4 13. Ne5 Bxe5 14. dxe5 Nd3
15. Bc3 Qc5 16. f3 Nxe5 17. Bxe5 Qxe5 18. f4 Qf5 19. Rad1 Rad8 20. Rd2 b6 21.
Rfd1 Rxd2 22. Qxd2 h6 23. Qd7 Qc5 24. Rd4 Qa5 25. Rd2 c5 26. Re2 a6 27. Qd2
Qxd2 28. Rxd2 b5 29. Rd6 bxc4 30. bxc4 Rb8 31. Rxa6 Rb4 32. Ra8+ Kh7 33. a4
Rxc4 34. h3 Rb4 35. a5 c4 36. a6 c3 37. a7 c2 38. Rc8 Ra4 39. Rxc2 Rxa7 40. Rc4
Ra1+ 41. Kh2 g5 42. fxg5 hxg5 43. Rxe4 Kg6 44. h4 Rf1 45. hxg5 Kxg5 46. Kh3 Rd1
47. Rf4 f5 48. g4 Rd3 49. Rf3 0-1

[Event "NAYCC U10"]
[Site "Windsor CAN"]
[Date "2016.08.11"]
[Round "8.149"]
[White "Eirew, David"]
[Black "Yuan, Kevin"]
[Result "0-1"]
[WhiteElo "657"]
[BlackElo "975"]
[PlyCount "60"]
[EventDate "2016.08.07"]
[EventType "swiss"]
[EventRounds "9"]
[EventCountry "CAN"]

1. e4 e5 2. Nf3 Nc6 3. Bc4 Bc5 4. c3 Nf6 5. d4 exd4 6. cxd4 Bb4+ 7. Bd2 Bxd2+
8. Nbxd2 O-O 9. O-O d5 10. Bxd5 Nxd5 11. exd5 Qxd5 12. Nb3 Bg4 13. Nbd2 Nxd4
14. Nb3 Nxf3+ 15. gxf3 Bxf3 16. Qxd5 Bxd5 17. Rfd1 c6 18. Nc5 b6 19. Nd7 Rfe8
20. Re1 h6 21. a3 Rad8 22. Ne5 Rd6 23. b4 Rde6 24. Nd3 Rxe1+ 25. Nxe1 Re2 26.
Rd1 Ra2 27. Nd3 Rxa3 28. Nf4 Bf3 29. Rd8+ Kh7 30. Rf8 Ra1# 0-1

[Event "NAYCC U10"]
[Site "Windsor CAN"]
[Date "2016.08.11"]
[Round "8.150"]
[White "Chen, Bryan"]
[Black "Gaisinsky, Jacob"]
[Result "0-1"]
[WhiteElo "918"]
[BlackElo "1167"]
[PlyCount "50"]
[EventDate "2016.08.07"]
[EventType "swiss"]
[EventRounds "9"]
[EventCountry "CAN"]

1. e4 e5 2. Nf3 Nc6 3. Bc4 Nf6 4. Ng5 d5 5. exd5 Na5 6. Qe2 Nxc4 7. Qxc4 Nxd5
8. d3 h6 9. Nf3 Bd6 10. Qxd5 Bb4+ 11. Nc3 Bxc3+ 12. bxc3 Qxd5 13. O-O O-O 14.
Re1 Re8 15. d4 f6 16. h4 Bg4 17. Nh2 Bh5 18. Kf1 Qc4+ 19. Kg1 exd4 20. Rxe8+
Rxe8 21. Bf4 Qxc3 22. Rf1 Be2 23. Rc1 Ba6 24. Nf1 Re1 25. Rxe1 Qxe1 0-1

[Event "NAYCC U10"]
[Site "Windsor CAN"]
[Date "2016.08.11"]
[Round "8.152"]
[White "Jasniewicz, Karol"]
[Black "Marcelloni, Jacob"]
[Result "0-1"]
[WhiteElo "971"]
[BlackElo "786"]
[PlyCount "84"]
[EventDate "2016.08.07"]
[EventType "swiss"]
[EventRounds "9"]
[EventCountry "CAN"]

1. e4 c5 2. Nf3 Nc6 3. Bc4 e6 4. Nc3 d6 5. O-O Nf6 6. Bb3 d5 7. e5 Ng4 8. Re1
f6 9. exf6 Nxf6 10. d4 c4 11. Ba4 Bd6 12. b3 Bb4 13. Bd2 O-O 14. Ne2 Bxd2 15.
Qxd2 a6 16. Bxc6 bxc6 17. bxc4 dxc4 18. Qc3 Qd6 19. Qxc4 Ng4 20. Qd3 a5 21. h3
Rxf3 22. Qxf3 Qh2+ 23. Kf1 Qh1+ 24. Ng1 Nh2+ 25. Ke2 Nxf3 26. Nxf3 Qxg2 27. Rg1
Qxh3 28. Ng5 Ba6+ 29. Kd2 Qh6 30. Rae1 Re8 31. f4 Qh2+ 32. Kd1 Qxf4 33. Re4 Qf5
34. Rh4 h5 35. Ne4 Qf3+ 36. Kc1 Qe3+ 37. Kb1 Qxg1+ 38. Kb2 Rb8+ 39. Ka3 Qe3+
40. c3 Qc1+ 41. Ka4 Bb5+ 42. Kxa5 Qa3# 0-1

[Event "NAYCC U10"]
[Site "Windsor CAN"]
[Date "2016.08.11"]
[Round "9.131"]
[White "Guipi Bopala, Prince Eric jr"]
[Black "Trakru, Rohun"]
[Result "1/2-1/2"]
[WhiteElo "1572"]
[BlackElo "1724"]
[PlyCount "54"]
[EventDate "2016.08.07"]
[EventType "swiss"]
[EventRounds "9"]
[EventCountry "CAN"]

1. d4 e6 2. c4 Nf6 3. Nc3 Bb4 4. e3 O-O 5. Nge2 d5 6. a3 Be7 7. cxd5 exd5 8.
Nf4 c6 9. Bd3 Re8 10. O-O Nbd7 11. Qc2 Nf8 12. Bd2 Bd6 13. Nfe2 Bg4 14. b4 a6
15. Rab1 Bh5 16. a4 Ne4 17. Nxe4 dxe4 18. Bc4 b5 19. axb5 axb5 20. Ng3 Bxg3 21.
hxg3 bxc4 22. Qxc4 Qd7 23. Rfc1 Rec8 24. Rb2 Ng6 25. Rbc2 Ne7 26. Ra2 Bg4 27.
Qc2 Be6 1/2-1/2

[Event "NAYCC U10"]
[Site "Windsor CAN"]
[Date "2016.08.11"]
[Round "9.132"]
[White "Issani, Nameer"]
[Black "Chen, Max"]
[Result "0-1"]
[WhiteElo "1972"]
[BlackElo "1536"]
[PlyCount "134"]
[EventDate "2016.08.07"]
[EventType "swiss"]
[EventRounds "9"]
[EventCountry "CAN"]

1. d4 Nf6 2. c4 g6 3. Nc3 d5 4. cxd5 Nxd5 5. e4 Nxc3 6. bxc3 Bg7 7. Bc4 c5 8.
Ne2 O-O 9. O-O Nc6 10. Be3 Qc7 11. Qa4 Rd8 12. Rfd1 Bd7 13. Qa3 e6 14. Rac1 a6
15. Qxc5 b6 16. Qg5 Ne5 17. dxe5 h6 18. Qg4 Qxc4 19. Bxb6 Rdb8 20. Rxd7 Rxb6
21. Rcd1 Qxa2 22. Nf4 Rb1 23. h4 Rab8 24. Kh2 Rxd1 25. Rxd1 Qxf2 26. Rd7 Rf8
27. Nd3 Qc2 28. Ne1 Bxe5+ 29. Kh3 Qxc3+ 30. Nf3 Bg7 31. Qg3 Qc6 32. Rd6 Qb7 33.
e5 a5 34. Rd4 Qb5 35. h5 Qb1 36. Rg4 g5 37. Kh2 Qf5 38. Kh1 Rb8 39. Rc4 Rb1+
40. Kh2 Rb5 41. Nd4 Bxe5 42. Nxf5 exf5 43. Rc6 Bxg3+ 44. Kxg3 a4 45. Rxh6 Ra5
46. Rb6 a3 47. Rb1 a2 48. Ra1 Kg7 49. Kh3 Kh6 50. g4 Ra3+ 51. Kh2 fxg4 52. Kg2
Kxh5 53. Rh1+ Kg6 54. Ra1 f5 55. Kf2 f4 56. Kg2 Rg3+ 57. Kh2 Rh3+ 58. Kg2 f3+
59. Kg1 g3 60. Rc1 Kh5 61. Rd1 g2 62. Kf2 Rh1 63. Re1 Rxe1 64. Kxf3 g1=R 65.
Kf2 Rgf1+ 66. Kg2 Kg4 67. Kh2 Re2# 0-1

[Event "NAYCC U10"]
[Site "Windsor CAN"]
[Date "2016.08.11"]
[Round "9.133"]
[White "Tang, Andrew"]
[Black "Kang, Dorian"]
[Result "0-1"]
[WhiteElo "1539"]
[BlackElo "1528"]
[PlyCount "68"]
[EventDate "2016.08.07"]
[EventType "swiss"]
[EventRounds "9"]
[EventCountry "CAN"]

1. e4 c5 2. Nf3 Nc6 3. d4 cxd4 4. Nxd4 Nf6 5. Nc3 e5 6. Nb3 Bb4 7. Bd3 O-O 8.
Bd2 Bxc3 9. Bxc3 d5 10. exd5 Nxd5 11. Bd2 Qe7 12. O-O Be6 13. Be4 Rad8 14. Qe2
f5 15. Bxd5 Bxd5 16. Rad1 h6 17. Be3 b6 18. Qb5 Qe6 19. Qa4 f4 20. Bc1 Qg6 21.
g3 Qxc2 22. Rd2 Bxb3 23. axb3 Rxd2 24. Bxd2 Qxd2 25. Qxc6 Qxb2 26. Qc7 fxg3 27.
hxg3 Qxb3 28. Qxa7 b5 29. Qc7 Qb2 30. Qc5 b4 31. Rd1 b3 32. Rd6 Qb1+ 33. Kh2
Qc2 34. Qd5+ Kh7 0-1

[Event "NAYCC U10"]
[Site "Windsor CAN"]
[Date "2016.08.11"]
[Round "9.134"]
[White "Prem, Pranav"]
[Black "Rusonik, Max"]
[Result "0-1"]
[WhiteElo "1725"]
[BlackElo "1804"]
[PlyCount "84"]
[EventDate "2016.08.07"]
[EventType "swiss"]
[EventRounds "9"]
[EventCountry "CAN"]

1. d4 f5 2. Nc3 Nf6 3. Bg5 h6 4. Bf4 g5 5. Bd2 Bg7 6. e3 d6 7. Bd3 e5 8. dxe5
dxe5 9. Qe2 Nc6 10. O-O-O Qe7 11. Bc4 Bd7 12. Nd5 Nxd5 13. Bxd5 O-O-O 14. Bc3
Rhe8 15. Qc4 Be6 16. Bxe6+ Qxe6 17. Qxe6+ Rxe6 18. Ne2 Bf8 19. Rxd8+ Kxd8 20.
Rd1+ Bd6 21. Ng3 Ne7 22. Rd3 Ke8 23. Kd1 Kf7 24. Rd2 Kg6 25. h3 c6 26. Re2 Nd5
27. Bd2 e4 28. Nf1 f4 29. exf4 Nxf4 30. Bxf4 gxf4 31. Nd2 Kf5 32. Nc4 Bc7 33.
Re1 h5 34. Re2 Rg6 35. g3 fxg3 36. fxg3 Rxg3 37. Re3 Rxe3 38. Nxe3+ Kf4 39. Nf1
Kf3 40. Kd2 e3+ 41. Nxe3 Bf4 42. Kd3 Bxe3 0-1

[Event "NAYCC U10"]
[Site "Windsor CAN"]
[Date "2016.08.11"]
[Round "9.135"]
[White "Pan, Kevin"]
[Black "Bui, Alan"]
[Result "1-0"]
[WhiteElo "1936"]
[BlackElo "1404"]
[PlyCount "89"]
[EventDate "2016.08.07"]
[EventType "swiss"]
[EventRounds "9"]
[EventCountry "CAN"]

1. e4 e5 2. Nf3 Nc6 3. Bb5 a6 4. Ba4 Nf6 5. Bxc6 dxc6 6. d3 Bg4 7. h3 Bh5 8. g4
Bg6 9. Nxe5 Bd6 10. Nxg6 hxg6 11. Bg5 Be5 12. c3 c5 13. f4 Bd6 14. e5 Qe7 15.
Qe2 O-O-O 16. exd6 Qxd6 17. Bxf6 gxf6 18. Qf3 Rhe8+ 19. Kd2 Qb6 20. Kc2 c4 21.
d4 Re6 22. Nd2 Rde8 23. Rh2 Qb5 24. a4 Qd7 25. Nxc4 Rc6 26. Na5 Rb6 27. Re2
Rxe2+ 28. Qxe2 Kb8 29. Nc4 Re6 30. Qd3 Qd5 31. Rg1 b5 32. axb5 axb5 33. Na3 Rb6
34. Re1 b4 35. Nc4 Rc6 36. Ne3 Qa5 37. Kd2 b3 38. Nc4 Qa2 39. Re8+ Kb7 40. d5
Rxc4 41. Qxc4 Qxb2+ 42. Ke3 Qc1+ 43. Kf2 Qd2+ 44. Re2 b2 45. Qb4+ 1-0

[Event "NAYCC U10"]
[Site "Windsor CAN"]
[Date "2016.08.11"]
[Round "9.136"]
[White "Zong, Davis"]
[Black "Oberoi, Shelev"]
[Result "1-0"]
[WhiteElo "1675"]
[BlackElo "1618"]
[PlyCount "127"]
[EventDate "2016.08.07"]
[EventType "swiss"]
[EventRounds "9"]
[EventCountry "CAN"]

1. e4 e5 2. Nf3 Nc6 3. Bc4 Nf6 4. d3 Be7 5. O-O d6 6. c3 Bg4 7. h3 Be6 8. Nbd2
Qd7 9. Re1 h6 10. Bxe6 fxe6 11. d4 O-O-O 12. Nc4 exd4 13. cxd4 g5 14. Rb1 Rhg8
15. b4 g4 16. hxg4 Rxg4 17. b5 Nb8 18. Qe2 Rdg8 19. g3 b6 20. e5 Nh5 21. exd6
Bxd6 22. Nfe5 Bxe5 23. Nxe5 Rxg3+ 24. fxg3 Rxg3+ 25. Kf1 Qxd4 26. Qf2 Qh4 27.
Rb3 Qh3+ 28. Ke2 Rxb3 29. axb3 Qxb3 30. Qf8+ Kb7 31. Qf3+ Qxf3+ 32. Kxf3 Ng7
33. Bxh6 Nf5 34. Be3 Nd6 35. Rb1 Kc8 36. Nc6 Nxc6 37. bxc6 a5 38. Bf4 Nf5 39.
Rd1 Ne7 40. Rd7 Nd5 41. Be5 a4 42. Ke4 b5 43. Rg7 Kb8 44. Bd4 Nb6 45. Bxb6 cxb6
46. Rb7+ Kc8 47. Rxb6 Kc7 48. Rxb5 Kxc6 49. Ra5 a3 50. Rxa3 Kc5 51. Ke5 Kb4 52.
Rd3 Kc4 53. Rd6 Kc5 54. Kxe6 Kc4 55. Rd5 Kc3 56. Ke5 Kc4 57. Ke4 Kc3 58. Rc5+
Kd2 59. Rc4 Ke2 60. Rc2+ Kd1 61. Kd3 Ke1 62. Ke3 Kd1 63. Rc8 Ke1 64. Rc1# 1-0

[Event "NAYCC U10"]
[Site "Windsor CAN"]
[Date "2016.08.11"]
[Round "9.137"]
[White "Mundayat, Abinav"]
[Black "Xie, Austin"]
[Result "1/2-1/2"]
[WhiteElo "1577"]
[BlackElo "1232"]
[PlyCount "56"]
[EventDate "2016.08.07"]
[EventType "swiss"]
[EventRounds "9"]
[EventCountry "CAN"]

1. e4 c6 2. d4 d5 3. Nd2 dxe4 4. Nxe4 Bf5 5. Ng3 Bg6 6. h4 h6 7. Nf3 Nd7 8. h5
Bh7 9. Bd3 Bxd3 10. Qxd3 Ngf6 11. Bf4 Nd5 12. Bd2 e6 13. O-O-O Bd6 14. Ne4 Be7
15. Kb1 Qb6 16. Qb3 O-O-O 17. Qxb6 axb6 18. c4 N5f6 19. Nxf6 Bxf6 20. Bf4 Rhe8
21. Rhe1 c5 22. Be5 Nxe5 23. dxe5 Bg5 24. Nxg5 hxg5 25. Kc2 Kc7 26. b3 Rh8 27.
g4 Ra8 28. a4 Rad8 1/2-1/2

[Event "NAYCC U10"]
[Site "Windsor CAN"]
[Date "2016.08.11"]
[Round "9.138"]
[White "Vu, Leonard"]
[Black "Vijayakumar, Advaith"]
[Result "1/2-1/2"]
[WhiteElo "1862"]
[BlackElo "1402"]
[PlyCount "80"]
[EventDate "2016.08.07"]
[EventType "swiss"]
[EventRounds "9"]
[EventCountry "CAN"]

1. c4 e5 2. d3 Nc6 3. Nc3 g6 4. g3 Bg7 5. Bg2 d6 6. Nf3 Nge7 7. Bd2 O-O 8. Qc1
Be6 9. Bh6 Qd7 10. Bxg7 Kxg7 11. h4 h5 12. Ng5 Bf5 13. a3 Rab8 14. b4 f6 15.
Nf3 a5 16. b5 Nd8 17. Nd2 b6 18. a4 Nb7 19. Qb2 Nc5 20. Nde4 Nxe4 21. Nxe4 Bxe4
22. Bxe4 Qe6 23. Qb3 Qf7 24. Qc3 Rbc8 25. O-O-O d5 26. Bg2 d4 27. Qd2 Rfe8 28.
f4 Nf5 29. fxe5 Nxg3 30. Bd5 Qe7 31. exf6+ Qxf6 32. Rhe1 Qxh4 33. Bf3 Re3 34.
Rg1 Rce8 35. Rg2 R8e6 36. Rdg1 Nf5 37. Rg5 Kh6 38. R5g2 Qe7 39. Be4 Qa3+ 40.
Kb1 R6xe4 1/2-1/2

[Event "NAYCC U10"]
[Site "Windsor CAN"]
[Date "2016.08.11"]
[Round "9.139"]
[White "Liu, Kevin"]
[Black "Prestia, Frank"]
[Result "1/2-1/2"]
[WhiteElo "914"]
[BlackElo "1640"]
[PlyCount "118"]
[EventDate "2016.08.07"]
[EventType "swiss"]
[EventRounds "9"]
[EventCountry "CAN"]

1. e4 e6 2. d4 b6 3. c4 Bb7 4. Nc3 Bb4 5. Bd3 Nf6 6. Bg5 h6 7. Bh4 g5 8. Bg3
Nxe4 9. Bxe4 Bxe4 10. f3 Bg6 11. Nge2 c5 12. a3 Bxc3+ 13. Nxc3 Nc6 14. dxc5
bxc5 15. O-O Qf6 16. Nb5 O-O 17. Qxd7 Nd4 18. Nxd4 Qxd4+ 19. Qxd4 cxd4 20. Rad1
d3 21. Rd2 Rac8 22. Rc1 a5 23. c5 Rc6 24. b4 Rfc8 25. Bf2 Rb8 26. Rb1 f6 27. b5
Rc7 28. b6 Rc6 29. Rb5 Kf7 30. Rxa5 e5 31. Rb5 Ra8 32. h3 Ke7 33. a4 Kd7 34. a5
h5 35. a6 e4 36. b7 Rcxa6 37. bxa8=Q Rxa8 38. fxe4 Bxe4 39. Rb4 f5 40. Rd4+ Kc7
41. R4xd3 Bxd3 42. Rxd3 g4 43. hxg4 hxg4 44. Rd5 f4 45. Rd1 f3 46. gxf3 gxf3
47. Kh2 Rg8 48. Rg1 Rf8 49. Kh3 Kc6 50. Rg3 Kd5 51. Rg4 Ke5 52. Kg3 Rf7 53. Be3
Rf8 54. Rf4 Rxf4 55. Bxf4+ Kd5 56. Be3 Ke4 57. Bf2 Kd5 58. Kxf3 Kc6 59. Ke3
Kxc5 1/2-1/2

[Event "NAYCC U10"]
[Site "Windsor CAN"]
[Date "2016.08.11"]
[Round "9.140"]
[White "Zhu, Max"]
[Black "Yuan, Edison"]
[Result "1/2-1/2"]
[WhiteElo "1436"]
[BlackElo "1666"]
[PlyCount "67"]
[EventDate "2016.08.07"]
[EventType "swiss"]
[EventRounds "9"]
[EventCountry "CAN"]

1. e4 c5 2. Be2 Nc6 3. f4 e6 4. Nf3 d5 5. d3 dxe4 6. dxe4 Qxd1+ 7. Bxd1 Nf6 8.
Nc3 Be7 9. O-O O-O 10. Be2 a6 11. Kh1 b5 12. Be3 Bb7 13. Bg1 Rfd8 14. e5 Nd5
15. Nxd5 Rxd5 16. c4 bxc4 17. Bxc4 Rdd8 18. f5 exf5 19. e6 fxe6 20. Bxe6+ Kh8
21. Rac1 Bc8 22. Bxc8 Raxc8 23. Bxc5 Bxc5 24. Rxc5 Ne7 25. Re5 Rd7 26. Rfe1
Rcc7 27. Rxf5 g6 28. Rf6 Ra7 29. h3 Nd5 30. Rf8+ Kg7 31. Ree8 Kh6 32. Rd8 Nb4
33. a3 Nd3 34. b4 1/2-1/2

[Event "NAYCC U10"]
[Site "Windsor CAN"]
[Date "2016.08.11"]
[Round "9.141"]
[White "Shlionsky, Aryah"]
[Black "Zhang, Henry Z"]
[Result "1-0"]
[WhiteElo "1893"]
[BlackElo "1315"]
[PlyCount "83"]
[EventDate "2016.08.07"]
[EventType "swiss"]
[EventRounds "9"]
[EventCountry "CAN"]

1. e4 c5 2. Nf3 e6 3. d4 cxd4 4. Nxd4 Nc6 5. Nxc6 bxc6 6. Bf4 d6 7. Nc3 e5 8.
Bg3 Nf6 9. Bc4 Be7 10. O-O O-O 11. Qe2 Be6 12. Bb3 Qd7 13. Rad1 Bxb3 14. axb3
Qc7 15. f4 exf4 16. Bxf4 Rad8 17. Rf3 Rfe8 18. Rdf1 Bf8 19. Bg5 Be7 20. Rg3 Nd7
21. Qf2 Ne5 22. Bf6 Bxf6 23. Qxf6 Ng6 24. Qf3 Re6 25. Qg4 Rde8 26. h4 f6 27. h5
Ne5 28. Qf5 Nf7 29. Qg4 Ne5 30. Qf4 Kh8 31. h6 g6 32. Qh4 Rf8 33. Ne2 Qf7 34.
Nd4 Ree8 35. Rc3 c5 36. Nb5 Qe6 37. Nc7 Qd7 38. Nxe8 Qxe8 39. Rxf6 Qe7 40.
Rxf8+ Qxf8 41. b4 c4 42. b3 1-0